[Event "Bochum-ch"]
[Site "Bochum"]
[Date "2001.12.03"]
[Round "7"]
[White "Salin, Armin"]
[Black "Kitzmann, Thomas"]
[Result "1/2-1/2"]
[WhiteElo "1649"]
[BlackElo "1592"]
[PlyCount "42"]
[EventDate "2001.10.22"]
[EventType "swiss"]
[EventRounds "9"]
[EventCountry "GER"]
[SourceTitle "EXT 2006"]
[Source "ChessBase"]
[SourceDate "2005.11.24"]
[SourceVersion "1"]
[SourceVersionDate "2005.11.24"]
[SourceQuality "1"]

1. d4 Nf6 2. c4 e6 3. Nc3 Bb4 4. a3 Bxc3+ 5. bxc3 0-0 6. Bg5 d6 7. e4 h6 8. Bxf6 Qxf6 9. Bd3 Nd7 10. Ne2 Re8 11. 0-0 e5 12. f4 exd4 13. cxd4 Nf8 14. f5 b6 15. Qd2 c5 16. d5 Nd7 17. Ng3 Qd4+ 18. Kh1 Ne5 19. Rad1 Qxd3 20. Qxd3 Nxd3 21. Rxd3 Ba6 1/2-1/2